000 01068nam a22003497a 4500
001 BR2013005764
003 BR-BrBNA
005 20230928104222.0
007 ta
008 230509b bl.||||| |||| 00| 0 por d
040 _aBR-BrBNA
_bpor
_cBiblioteca Nacional de Agricultura
041 _a(Por)
072 _aE11
090 _ E11 BR2013005764
100 1 _aMenu, H.
100 1 _aRocha, M. de L.
100 1 _aCosta, F.A. de O.
110 1 _aFAO, Brasília, DF (Brasil)
_94523
110 1 _aInstituto Nacional de Colonização e Reforma Agrária, Brasília, DF (Brasil)
245 1 _aProjeto de assentamento na área da Lanila, Lagoa Nova, agroindustrial Ltda, Riachuelo, RN
_bProjeto UTF/BRA/036/BRA
260 3 _aBrasília, DF (Brasil):
_c1998.
300 _a23 p.
500 _a7 graphs.; 3 tables
650 _aASSENTAMENTO
650 _aREFORMA AGRÁRIA
650 _aINDÚSTRIA AGRÍCOLA
650 _aDESAPROPRIAÇÃO
650 _aRIACHUELO
650 _aRIO GRANDE DO NORTE
909 _a202309
_bLucia
_c55
_dLucia Elande
942 _cBK
999 _c78758
_d78758